000 00405 a2200121 4500
020 _a0130335606 (alk. paper)
082 _a629.04 KHI
100 _aKhisty, C. Jotin,
245 _aTransportation engineering :
_ban introduction /
_cC. Jotin Khisty, B. Kent Lall.
250 _a3rd ed.
260 _aUpper Saddle River, N.J. :
_bPrentice Hall,
_c2003.
300 _axxiii, 813 p. :
_bill. ;
_c24 cm.
650 _aTransportation engineering.
999 _c1738
_d1738